<?xml version="1.0" encoding="UTF-8"?>
<collection xmlns:xsi="http://www.w3.org/2001/XMLSchema-instance" xsi:schemaLocation="http://www.loc.gov/MARC21/slim http://www.loc.gov/standards/marcxml/schema/MARC21slim.xsd" xmlns="http://www.loc.gov/MARC21/slim">
 <record>
  <leader>00000nam a2200000 a 4500</leader>
  <controlfield tag="001">UP-1685954869149711740</controlfield>
  <controlfield tag="003">Buklod</controlfield>
  <controlfield tag="005">20240311140458.0</controlfield>
  <controlfield tag="006">a     r    |||| u|</controlfield>
  <controlfield tag="007">ta</controlfield>
  <controlfield tag="008">240306s2010    nju  ab     b 111 0 eng  </controlfield>
  <datafield tag="010" ind1=" " ind2=" ">
   <subfield code="a">2009010056</subfield>
  </datafield>
  <datafield tag="020" ind1=" " ind2=" ">
   <subfield code="a">9780691136530 (pbk. : alk. paper)</subfield>
  </datafield>
  <datafield tag="035" ind1=" " ind2=" ">
   <subfield code="a">15658537</subfield>
  </datafield>
  <datafield tag="040" ind1=" " ind2=" ">
   <subfield code="a">DLC</subfield>
   <subfield code="d">DIB</subfield>
   <subfield code="e">rda</subfield>
  </datafield>
  <datafield tag="041" ind1="0" ind2=" ">
   <subfield code="a">eng</subfield>
  </datafield>
  <datafield tag="090" ind1="0" ind2="0">
   <subfield code="a">QH 85</subfield>
   <subfield code="b">T44 2010</subfield>
  </datafield>
  <datafield tag="245" ind1="0" ind2="4">
   <subfield code="a">The theory of island biogeography revisited</subfield>
   <subfield code="c">edited by Jonathan B. Losos and Robert E. Ricklefs.</subfield>
  </datafield>
  <datafield tag="264" ind1=" " ind2="1">
   <subfield code="a">Princeton</subfield>
   <subfield code="b">Princeton University Press</subfield>
   <subfield code="c">c2010.</subfield>
  </datafield>
  <datafield tag="300" ind1=" " ind2=" ">
   <subfield code="a">vi, 476 pages</subfield>
   <subfield code="b">illustrations, maps</subfield>
   <subfield code="c">24 cm.</subfield>
  </datafield>
  <datafield tag="336" ind1=" " ind2=" ">
   <subfield code="a">text</subfield>
   <subfield code="2">rdacontent</subfield>
  </datafield>
  <datafield tag="337" ind1=" " ind2=" ">
   <subfield code="a">unmediated</subfield>
   <subfield code="2">rdamedia</subfield>
  </datafield>
  <datafield tag="338" ind1=" " ind2=" ">
   <subfield code="a">volume</subfield>
   <subfield code="2">rdacarrier</subfield>
  </datafield>
  <datafield tag="500" ind1=" " ind2=" ">
   <subfield code="a">derived from a meeting held at Harvard in October 2007 to celebrate the fortieth anniversary of the publication of The theory of island biogeography, by Robert H. MacArthur and Edward O. Wilson.</subfield>
  </datafield>
  <datafield tag="504" ind1=" " ind2=" ">
   <subfield code="a">Includes bibliographical references and index.</subfield>
  </datafield>
  <datafield tag="505" ind1="0" ind2=" ">
   <subfield code="a">Island biogeography in the 1960s : theory and experiment / Edward O. Wilson -- Island biogeography theory : reticulations and reintegration of &quot;a biogeography of the species&quot; / Mark V. Lomolino, James H. Brown, and Dov. F. Sax -- The MacArthur-Wilson equilibrium model : a chronicle of what it said and how it was tested / Thomas W. Schoener -- A general dynamic theory of oceanic island biogeography : extending the MacArthur-Wilson theory to accommodate the rise and fall of volcanic islands / Robert J. Whittaker, Kostas A. Triantis, and Richard J. Ladle -- The trophic cascade on islands / John Terborgh -- Toward a trophic island biogeography : reflections on the interface of island biogeography and food web ecology / Robert D. Holt -- The theories of island biogeography and metapopulation dynamics : science marches forward, but the legacy of good ideas lasts for a long time / Ilkka Hanski -- Beyond island biogeography theory : understanding habitat fragmentation in the real world / William F. Laurance -- Birds of the Solomon Islands : the domain of the dynamic equilibrium theory and assembly rules, with comments on the taxon cycle / Daniel Simberloff and Michael D. Collins -- Neutral theory and the theory of island biogeography / Stephen P. Hubbell -- Evolutionary changes following island colonization in birds : empirical insights into the roles of microevolutionary processes / Sonya Clegg -- Sympatric speciation, immigration, and hybridization in island birds / Peter R. Grant and B. Rosemary Grant -- Island biogeography of remote archipelagoes : interplay between ecological and evolutionary processes / Rosemary G. Gillespie and Bruce G. Baldwin -- Dynamics of colonization and extinction on islands insights from Lesser Antillean birds / Robert E. Ricklefs -- The speciation-area relationship / Jonathan B. Losos and Christina E. Parent -- Ecological and genetic models of diversity : lessons across disciplines / Mark Vellend and John L. Orrock.</subfield>
  </datafield>
  <datafield tag="650" ind1=" " ind2="0">
   <subfield code="a">Biogeography</subfield>
   <subfield code="v">Congresses.</subfield>
  </datafield>
  <datafield tag="650" ind1=" " ind2="0">
   <subfield code="a">Island ecology</subfield>
   <subfield code="v">Congresses.</subfield>
  </datafield>
  <datafield tag="700" ind1="1" ind2=" ">
   <subfield code="a">Losos, Jonathan B.</subfield>
   <subfield code="e">editor.</subfield>
  </datafield>
  <datafield tag="700" ind1="1" ind2=" ">
   <subfield code="a">Ricklefs, Robert E.</subfield>
   <subfield code="e">editor.</subfield>
  </datafield>
  <datafield tag="905" ind1=" " ind2=" ">
   <subfield code="a">FO</subfield>
  </datafield>
  <datafield tag="852" ind1="0" ind2=" ">
   <subfield code="a">UPD</subfield>
   <subfield code="b">DIB</subfield>
   <subfield code="h">QH 85</subfield>
   <subfield code="i">T44 2010</subfield>
  </datafield>
  <datafield tag="942" ind1=" " ind2=" ">
   <subfield code="a">Book</subfield>
  </datafield>
 </record>
</collection>
